00478nam a2200157Ia 450000100060000000800410000602000180004704000130006508200240007810000190010224500780012126000350019930000110023454600070024565000680025227781140414s9999 xx 000 0 und d a0-00-637582-0 cPK-LaUMT a 616.8917092bMAS-F aJeffrey Masson aFinal analysisbthe making and unmaing of a psychoanalystcJeffrey Masson aLondon,UK:bFonta Press,c1992 a212 p. aEN amasson, J. Moussaieff (Jeffrey Moussaieff), 1941-Antipsychiatry